| 000 | 00668nam a2200277Ia 4500 | ||
|---|---|---|---|
| 008 | 180803s9999 xx 000 0 und d | ||
| 020 | _a9780545503907 | ||
| 050 | _bA759 2012 | ||
| 100 | _aArnold, Tedd | ||
| 245 | 0 | _aNo jumping on the bed! / | |
| 245 | 0 | _cby Ted Arnold. | |
| 260 | _aBroadway, New York : | ||
| 260 | _bScholastic, | ||
| 260 | _c2012 | ||
| 300 | _aunpaged : | ||
| 300 | _bcolored ; | ||
| 300 | _c24cm. | ||
| 500 | _a850 | ||
| 650 | _aApartment houses -- | ||
| 650 | _aBedtime -- | ||
| 650 | _aJumping -- | ||
| 650 | _xJuvenile fiction. | ||
| 650 | _xJuvenile literature. | ||
| 650 | _xJuvenile Literature. | ||
| 700 | _aTitle. | ||
| 999 |
_c358272 _d358272 |
||